| 000 | 00368nam a2200145Ia 4500 | ||
|---|---|---|---|
| 008 | 230312s9999||||xx |||||||||||||| ||und|| | ||
| 020 | _a9781305077713 | ||
| 082 |
_a621.382 _bKUC-T |
||
| 100 | _aReference | ||
| 245 | 0 | _aProduct 45 Australian Punk | |
| 260 |
_bCengage _aUSA _c2015 |
||
| 300 | _a352 | ||
| 650 |
_aEngineering _vElectronic data processing |
||
| 942 | _cBK | ||
| 999 |
_c17656 _d17656 |
||